| 000 | 00637nam a22002057a 4500 | ||
|---|---|---|---|
| 005 | 20140423123537.0 | ||
| 010 | _aENG-109254 | ||
| 020 |
_a9788181922403 _c995.00 |
||
| 035 | _aEN-92787 | ||
| 037 | _bDBAD/PUB | ||
| 082 | _a361.3072 | ||
| 100 | _aPandey, R.P. | ||
| 245 |
_aEducation for social work : _cby R.P. Pandey _bchanging horizons / |
||
| 250 | _a | ||
| 260 |
_aJaipur _bSublime Publications _c2013 |
||
| 270 |
_a18, Jain Bhawan, Opp. N.B.C., Shanti Nagar _bJaipur _e302006 |
||
| 300 |
_avi,248p. _c22cm(Hb) |
||
| 500 | _aIncludes bibliographical references and index | ||
| 942 |
_2ddc _cEN _mPAN _h361.3072 |
||
| 999 |
_c82401 _d82401 |
||